00514nam a2200193Ia 4500003000400000005001700004008004100021040000700062041001900069082001900088100006700107245002900174260002000203300001200223365001200235650002600247650002300273700002400296OSt20240601090900.0210719s2020 xx 000 0 und d cAL aKonkani/Nagari a891.46301 QUAS aQUADROS (Valley)dवल्ली क्वाड्रास  aSankavbसंकाव  aMangaluruc2020 a154bPB b250cRs aKonkani Short Stories aKonkani Literature aKVADRAS (Valli) Ed;